海邊的卡夫卡

資料類型: Book 圖書   書目號:35331

Leader xxxxxxxxxx
001 __ PCLIS00035331
005 __ 20230322123852.0
010 0_ |a978-957-13-3840-8|b上冊 : 平裝|dNT$300|z978-957-13-3840-0
010 0_ |a978-957-13-3841-5|b下冊 : 平裝|dNT$300|z978-957-13-3841-9
010 0_ |a957-13-3840-0|b上冊 : 平裝|dNT$300
010 0_ |a957-13-3841-9|b下冊 : 平裝|dNT$300
100 __ |a20050506d2003    m  y1chiy09      e
101 1_ |achi|cjpn
102 __ |atw
105 __ |ay   z   000ay
200 1_ |a海邊的卡夫卡|f村上春樹著|g賴明珠譯
205 __ |a初版
210 __ |a臺北市|c時報文化|d2003[民92]
215 0_ |a2冊(322, 357面)|d21公分
225 1_ |a藍小說|v934-935
300 __ |a本館最新館藏為2016年四十一刷
454 _1 |12001 |a海邊ソロиロ|zjpn
606 __ |2cst|a長篇小說
681 __ |a861.57|b8354
700 _1 |a村上|b春樹|f1949- |4702 _1 |a|b明珠|f1947- |4801 _0 |atw|b內湖高中|c20050506|gCCR
801 _0 |atw|b內湖高中|c20160421|gCCR
801 _2 |atw|b內湖高中|c20230322|gCCR
詳細館藏 1-2 筆 (共 2 筆)
索 書 號登 錄 號冊次號館別 / 館藏地流通類型狀態加入預約清單電子資源
861.57 / 8354 1023634 v.1 圖書館 / 一樓普通區 可外借30天 在館   
861.57 / 8354 1023635 v.2 圖書館 / 一樓普通區 可外借30天 在館   

| 條列資料




目錄查詢 分類查詢 個人資料 圖書薦購 新書查詢 閉館日 排行榜 更多電子資源 Hami書城 線上資料庫 登出

From : 216.73.216.116

  本日流通累計至 08:11:39 借閱 : 0 次 續借 : 0 次 歸還 : 0 次 預約 : 0 次 電子資源 : 0 次


內湖高中圖書館  PCLIS 版本  25.5.0.2